01175nam a2200193Ia 4500001001100000003001000011008004100021040002500062041001300087100004000100245003200140250001100172260009200183300002700275500026600302501011400568520026600682650003300948L238-10951IT-CnALBA170116s9999||||xx |||||||||||||| ||und|| aIT-CnALBAcIT-CnALBA aITALIANO aGUITTON JEAN, ACCADEMICO DI FRANCIA 0aIL MIO PICCOLO CATECHISMO.  a1a ed. aCINISELLO BALSAMO (MI)bEDIZIONI PAOLINEc1979 [1° Ed.:1979 - Ed.Ling.Originale: 1979] a208 p. (prefazione: 5) aVERITÀ E COMUNIONE. VIRTÙ CARDINALI E TEOLOGALI. CATECHISMO E CATECHISTA. LEZIONE. STATUTO DELLA CONGREGAZIONE DELLA FEDE CRISTIANA. TRINITÀ. INCARNAZIONE REDENZIONE. CHIESA SACRAMENTI VITA ETERNA. ALBINO LUCIANI. CONOSCENZA DELL'ALUNNO. METODOLOGIA. LEZI aSocietà San Paolo EM - Piazza San Paolo, 14 - 12051 ALBA (CN) (non commercial uses only) ® Copyright 2017 aVERITÀ E COMUNIONE. VIRTÙ CARDINALI E TEOLOGALI. CATECHISMO E CATECHISTA. LEZIONE. STATUTO DELLA CONGREGAZIONE DELLA FEDE CRISTIANA. TRINITÀ. INCARNAZIONE REDENZIONE. CHIESA SACRAMENTI VITA ETERNA. ALBINO LUCIANI. CONOSCENZA DELL'ALUNNO. METODOLOGIA. LEZI aSIMBOLI DI FEDE - CATECHISMI